[Event "Bern Open"]
[Site "Bern SUI"]
[Date "1994.??.??"]
[Round "6"]
[White "Gulko, Boris F"]
[Black "Milov, Leonid"]
[Result "1-0"]
[WhiteElo "2615"]
[BlackElo "2585"]
[EventDate "1994.02.??"]
[Annotator "Ambroz"]

1. c4 c6 2. d4 d5 3. e3 e6 4. Nf3 f5 5. Bd3 Nf6 6. O-O Bd6 7. b3 Qe7 8. a4
( 8. Bb2 Bd7 9. Qc1 O-O 10. Ba3 Be8!? 11. Bxd6 Qxd6 12. Qa3 Qxa3 13. Nxa3 
Bh5 14. Rfc1 Bxf3 ~ {Michaelsen,N-Backwinkel,P, Deutschland 1989} ) 8. ...
 O-O 9. Ba3 Bxa3 10. Rxa3!? ( 10. Nxa3 Ne4 ( 10. ... a5 11. Nc2 Bd7 12. 
Ne5 Be8 13. cxd5 {1/2, Adamski,J-Bany,J, Polska-ch} ) 11. Nc2 Nd7 12. Qe1 
a5! 13. Nd2 b6 14. f3 Nxd2 15. Qxd2 Nf6 16. Rfd1 Ba6 17. Ne1 Rfc8 18. Rac1
Qb7 19. Qf2 c5 = {Kortschnoi, V-Jusupow,A, Montpellier ct 1985} ) 10. ... 
g6?! ( {Black should have tried to fix the white pawns with} 10. ... a5!? 
⌓ ) 11. a5! Nbd7 ( 11. ... a6 12. Qc1!? ( 12. Ne5 Nbd7 13. f4!? ) 
12. ... Nbd7 13. Nc3 Ne4 14. Na4 {>< b6} ) 12. cxd5 exd5 {#} 13. a6! +/- {
xc6} 13. ... Ne4 ( 13. ... b6 14. Qc1 c5 ( 14. ... Qd6 15. Ne5!? Nxe5 16. 
dxe5 Qxe5 17. Qxc6 += ) 15. Bb5! ) 14. Qc1 Rf6 ( 14. ... c5 15. axb7 ( 15.
 Nc3 Nxc3 16. Qxc3 cxd4 17. Qxd4 Qxa3 18. Qxd5+ Kh8 19. axb7 Bxb7 -/+ ) ) 
15. axb7 Bxb7 16. Ra5 a6 17. Nbd2 c5 ( 17. ... g5 18. Bxe4 fxe4 19. Nxg5 
Rg6 20. Nh3 +/- ) ( 17. ... Qg7 18. Ne5!? Nxe5 19. dxe5 Re6 20. f4 {/\ 
Nf3-d4, Bxe4()} ) 18. Qa3 Qf8 19. Qa4!? ( 19. dxc5 Ndxc5 20. b4 Nxd3 21. 
Qxd3 Qxb4 22. Rxd5 Nc5 =+ ) 19. ... Bc6 20. Qa1 Bb7 21. Rc1 Rc6 ( 21. ... 
f4 22. Bxe4 dxe4 23. Ne5! +/- ) 22. Ra2 Qf6 {#} 23. Bb5! Nxd2 ( 23. ... 
axb5 24. Rxa8+ Bxa8 25. Qxa8+ Nf8 26. Ne5 +- ) 24. Nxd2 axb5 25. Rxa8+ 
Bxa8 26. Qxa8+ Kg7 27. Qb7!? ( 27. dxc5 Qb2 ( 27. ... Rxc5? 28. Rxc5 Nxc5 
29. Qa7+ ) 28. Rb1 +/- ) 27. ... Qd6 28. dxc5 Rc7 29. cxd6 Rxb7 30. Rc7! 
Rxc7 31. dxc7 +- Nb6 32. Nf3! ( 32. b4 Kf6 33. Nb1 Ke5 34. Nc3 Kd6 ( 
34. ... d4 35. f4+ ) 35. Nxb5+ Kc6 36. Nd4+ Kxc7 37. Ne6+ Kc6 38. Nf8 +- )
32. ... Kf6 33. Nd4 b4 34. Nc6 Ke6 35. Nxb4 Kd7 36. Na6 Kc6 37. Kf1 h6 38.
 Ke2 Kb7 39. Nb4 Kxc7 40. Kd3 g5 41. Kd4 Kd6 42. h3 Ke6 43. Nd3 h5 44. Kc5
1-0

[Event "Thaelmann Memorial"]
[Site "Berlin East"]
[Date "1989.04.13"]
[Round "7"]
[White "Chekhov, Valery A"]
[Black "Knaak, Rainer"]
[Result "1-0"]
[WhiteElo "2480"]
[BlackElo "2465"]
[EventDate "1989.04.??"]
[Annotator "ChessBase"]

1. d4 e6 2. Nf3 f5 3. g3 Nf6 4. Bg2 d5 5. O-O Bd6 6. c4 c6 7. b3 O-O {
7...Qe7 (Schussler)} 8. Ba3 {Exchange of the dark-squared bishops not only
weakens the dark squares in Black's camp, but also makes an attack on the 
white king less probable} 8. ... Bxa3 9. Nxa3 Qe7 10. Qc1 Nbd7 {e5} 11. 
Qb2 Ne4 12. Nc2 {N; Chekhov} ( 12. e3 ) 12. ... g5? {Schussler} 13. Nce1 
g4 {/\ ...h5} 14. Ne5! ( 14. Nd2?! h5 ) 14. ... Nxe5 15. dxe5 Bd7 ( 
15. ... h5 16. Nd3 h4 17. f3 Ng5 18. gxh4 Nh3+ 19. Bxh3 gxh3 20. e3 Qxh4 
21. Qf2 +/- ) 16. Nd3 c5 17. f3 +/- gxf3 18. exf3 Ng5 19. h4 Nf7 20. f4? (
20. cxd5! exd5 21. Rfe1 Be6 22. Nf4 +/- ) 20. ... Bc6 21. cxd5 Bxd5 = 22. 
Bxd5 exd5 23. Rfe1 Nh6 24. Rad1 d4 25. Nf2 Kh8 26. Kh2 Rg8 27. Rd3 Rg7 28.
 Qe2 Qe6 29. b4! b6 30. bxc5 bxc5 31. Rc1 Rc8 32. Qc2 Qg6 33. Qb3! Ng8?? (
33. ... Qa6 34. Qc4 {>= Rc4} 34. ... Qg6 = ) 34. Rxd4! +- Qh5 35. Qd1 +- 
Qg6 36. Qf3 cxd4 37. Rxc8 Qa6 38. Rc2 Qf1 39. Qd3 Qb1 40. Rd2 Qe1 41. Qxd4
Ne7 42. Qd3 1-0

[Event "OHRA-A"]
[Site "Amsterdam NED"]
[Date "1990.??.??"]
[Round "9"]
[White "Beliavsky, Alexander G"]
[Black "Van der Wiel, John T H"]
[Result "1-0"]
[WhiteElo "2605"]
[BlackElo "2555"]
[EventDate "1990.07.??"]

1. d4 e6 2. c4 f5 3. g3 Nf6 4. Bg2 d5 5. Nf3 c6 6. O-O Bd6 7. Bf4 {
Sometimes White exchanges the bishops via the f4-square. True, this 
weakens his kingside to some extent} 7. ... Bxf4 8. gxf4 O-O 9. e3 Nbd7 
10. Ne5!? Nxe5 ( 10. ... Ne4 11. f3 Nd6 12. c5 Nf7 13. Nc3 += ) 11. dxe5! 
Nd7 ( 11. ... Ne4 12. b4 Qb6 13. a3 a5 14. c5 Qa7 15. f3 axb4 16. fxe4 
Qxc5 17. Qd2 +/- ) 12. Nd2 Qe7 13. Rc1 Rd8 14. Qc2 Nf8 15. Nb3 Ng6 16. 
cxd5 exd5 17. Nd4 Nh4 18. Bh3! g5 19. Kh1 g4 ( 19. ... gxf4 20. exf4 Kh8 
21. Rg1 +/- ) 20. Rg1 h5 21. Bf1 Rf8 22. f3 Rf7 23. Qf2 +/- Ng6 24. Bd3 
Kg7 25. b4! a5 26. Qc2 Nh4 27. b5 +- cxb5 28. Qf2 Kf8 29. Bxb5 Nxf3 30. 
Nxf3 gxf3 31. Qxf3 Be6 32. Rg6 d4 33. Rcg1 Qc5 34. Rxe6 Qxb5 35. Qg2 1-0

[Event "URS-ch54"]
[Site "Minsk BLR"]
[Date "1987.??.??"]
[Round "?"]
[White "Beliavsky, Alexander G"]
[Black "Bareev, Evgeny"]
[Result "1-0"]
[WhiteElo "2630"]
[BlackElo "2535"]
[EventDate "1987.03.??"]

1. d4 f5 2. c4 Nf6 3. g3 e6 4. Bg2 d5 5. Nf3 c6 6. O-O Bd6 7. Bf4 O-O? ( 
7. ... Bxf4! ) 8. Bxd6!? {White gained a tempo in comparison with the plan
of the bishop exchange involving b3 followed by Ba3} 8. ... Qxd6 9. Qc2 b6
( 9. ... Bd7!? 10. Nbd2 Be8 11. b4! Qxb4 12. Rab1 += ) 10. Na3! ( 10. Nbd2
Bb7 11. Rac1 Nbd7 12. Rfd1 Rac8 13. Qa4 Qb8 ) 10. ... Na6 ( 10. ... Bb7 
11. cxd5 cxd5 12. Nb5 Qd7 13. Qc7! Rc8 14. Qxd7 Nbxd7 15. Nd6 Rc7 16. Rfc1
Bc6 17. Rc2 +/- ) 11. Rac1 Bb7 12. cxd5 ( 12. Ne5!? Rac8 13. e3 += ) 
12. ... cxd5 13. Nb5 Qe7 ( 13. ... Qd7 14. Qb3 Rfc8 15. Ne5 += ) 14. Qa4 
Ne8 ( 14. ... Rfc8 15. Ne5 Ne8 16. Rxc8 Rxc8 17. Nxa7 +/- ) 15. Rc3 Nec7 
16. Nxc7 Nxc7 D 17. h3! +/- Rfc8 18. g4 g6 19. gxf5 gxf5 20. Ne5 Ne8 21. 
Rg3+ Kh8 22. Kh2 Nf6 23. Rg1 Rc7 24. Bf3 Bc6 25. Qb3 Rg8 26. Bh5 Qf8 27. 
Rxg8+ Nxg8 28. Qg3 Bb5 29. Qh4 Nf6 30. Bf7! 1-0

[Event "Brussels"]
[Site "Brussels BEL"]
[Date "1987.04.11"]
[Round "2"]
[White "Timman, Jan H"]
[Black "Short, Nigel D"]
[Result "1-0"]
[WhiteElo "2590"]
[BlackElo "2615"]
[EventDate "1987.04.10"]

1. d4 e6 2. c4 f5 3. g3 Nf6 4. Bg2 d5 5. Nf3 c6 6. O-O Bd6 7. b3 Qe7 8. 
Ne5 O-O 9. Bb2 Bd7 10. Qc1! {A typical move intended to exchange the 
dark-squared bishops} 10. ... Be8 11. Ba3 Nbd7 12. Nd3 Bf7 13. Bxd6 Qxd6 
14. Qa3 Qxa3 15. Nxa3 Rfe8 {e5} 16. f4 a5 17. Rfc1 Kf8! 18. Nb1 h6 19. Nc3
Ke7 20. Ne5 g5 21. Bh3 Rec8 22. e3 Bh5 23. Rc2 gxf4 24. Nxd7 Nxd7 ( 
24. ... Kxd7!? ) 25. gxf4 Rg8+ 26. Kf1 Raf8 27. Rb1 ( 27. cxd5 exd5 ) 
27. ... Bf3 28. cxd5 exd5 29. Kf2 Bg4 30. Bf1 Kd6 31. b4 axb4 32. Rxb4 Rb8
33. a4 Nf6? ( 33. ... b6! ) 34. h3 Bh5 35. a5 +/- Bf7? 36. Rcb2 Kc7 37. 
Bd3 Be6 38. Na4 Nd7 39. Nc5 Nxc5 40. dxc5 +- Bd7 41. Rb6 Be6 42. Rb1 Bd7 
43. Bc2 Be6 44. R6b2 Bd7 45. Ke2! d4! 46. a6! dxe3 47. a7 1-0

[Event "Brussels"]
[Site "Brussels BEL"]
[Date "1987.04.14"]
[Round "4"]
[White "Kasparov, Garry"]
[Black "Short, Nigel D"]
[Result "1-0"]
[WhiteElo "2735"]
[BlackElo "2615"]
[EventDate "1987.04.10"]
[Annotator "Nikitin,Aleksander S"]

1. d4 e6 2. g3 f5 3. Bg2 Nf6 4. Nf3 Be7 5. c4 d5 6. O-O O-O 7. Nbd2 ( 7. 
b3 ) 7. ... c6 8. Ne5 {(In this position it is not easy for White to 
exchange the dark-squared bishops. Therefore, he is forced to rearrange 
his pieces, retaining control of the e5-square} 8. ... Nbd7 9. Nd3! Ne4 
10. Qc2! += Bf6 ( 10. ... b6? 11. cxd5 cxd5 12. Qc6 +- ) 11. Nf3! +/- Kh8 
( 11. ... g5!? ) 12. b3 Qe8 13. Ba3 ( 13. a4 ⌓ ) 13. ... Rg8 14. Rac1 a5
15. Bb2 Qh5 16. a4 Rd8 17. Ba3 Rg8 18. Rb1 Ng5 19. Rfe1 Qf7 20. Nxg5 Bxg5 
21. Bd6 Bf6 22. e3 g5 23. b4! axb4 24. Rxb4 Nf8 25. Reb1 ( 25. Ne5! ) 
25. ... Ng6 26. Nc5 Ra7 27. Qb3? ( 27. a5! Rd8 ( 27. ... Be7 △ 28. Nxb7 
+- ) 28. Bb8 Ra8 29. Nxb7 +/- ) 27. ... Rg7 ( 27. ... Rd8 28. Bb8 Ra8 29. 
Nxb7 +- ) 28. Qc2?! Qg8! 29. h3? ( 29. Nd3 += ) 29. ... Qd8! 30. Bb8 Ra8 
31. cxd5 cxd5 ⊕⊕ ( 31. ... Rxb8 ~ ) 32. Be5 Nxe5 33. dxe5 Bxe5 34. 
Nxb7 Bxb7 35. Rxb7 Rxb7 36. Rxb7 Rb8! 37. Qc6 Rxb7 38. Qxb7 Qc7 39. Qb5 
Kg7 = 40. a5 d4 ( 40. ... f4 ⌓ ) ( 40. ... Bd6 41. a6 Bc5 ) 41. a6! dxe3
42. a7 exf2+ 43. Kh1 Qxa7 44. Qxe5+ Kf7 45. Bf1 h5? ( 45. ... Qb7+ 46. Kh2
Qf3! ( 46. ... Qd5 =, quiet ) ) 46. Bc4! f1=Q+ □ 47. Bxf1 Qa8+ 48. Kh2 
Qd8 49. Be2 Qd2 50. Kg1 Qe1+ 51. Kg2 Qd2 52. Kf2 g4?! ( 52. ... Ke7 ⌓ ) 
53. h4 Qd8 54. Ke3 Qf6 55. Qa5 ( 55. Kf4?? Qh6# ) 55. ... e5? 56. Bc4+ Kg6
57. Qc7 ⊙ Qg7 ( 57. ... e4 58. Kf4 ) ( 57. ... f4+ 58. Kd2 fxg3 59. Bd3+
) 58. Qd6+ Qf6 59. Qd7 Qb6+ ( 59. ... Qg7 60. Qe8+ Kh6 61. Qe6+ ) ( 
59. ... Kh6 60. Be6 ) 60. Kd3 Qb1+ 61. Kc3 Qe1+ ( 61. ... Qe1+ 62. Kb3! 
Qxg3+ ( 62. ... Qb1+ 63. Ka4 Qc2+ 64. Kb5 Qb1+ 65. Kc5 Qg1+ 66. Kc6 Qg2+ 
67. Kc7 +- ) 63. Ka4 Qxh4 64. Qf7+ Kh6 65. Qf8+ Kg6 ( 65. ... Kh7 66. Bg8+
) 66. Bf7+! Kf6 ( 66. ... Kh7 67. Qg8+ Kh6 68. Qg6# ) 67. Qd8+ Kxf7 68. 
Qxh4 ) 1-0

[Event "Biel SKA"]
[Site "Biel SUI"]
[Date "1991.??.??"]
[Round "4"]
[White "Kozul, Zdenko"]
[Black "Bareev, Evgeny"]
[Result "1-0"]
[WhiteElo "2560"]
[BlackElo "2680"]
[EventDate "1991.07.??"]
[Annotator "Ftacnik"]

1. d4 e6 2. c4 f5 3. g3 Nf6 4. Bg2 c6 5. Nh3 d5 6. O-O Bd6 ( 6. ... Be7 ) 
7. Bf4 Be7?! ( 7. ... O-O 8. Bxd6 Qxd6 9. Nd2 += ) 8. Nd2 O-O 9. Qc2 h6?! 
( 9. ... Na6!? ) 10. Bxb8! {Bringing the h3-knight into play} 10. ... Rxb8
11. Nf4 Bd6 ( 11. ... dxc4 12. Qxc4 Nd5 13. Nd3 += ) 12. Nd3 Bd7 13. Nf3 
Be8 ( 13. ... a5 14. c5 Bc7 15. Nfe5 Be8 16. a3 +/- ) 14. b4!? g5 15. a4 
a6 16. Nfe5 Qe7?! ( 16. ... Nd7 17. Nxd7 Qxd7 18. e3 Bg6 19. c5 Bc7 20. f4
+= ) 17. c5! Bc7 18. b5! cxb5 19. axb5 Bxb5? ( 19. ... axb5 20. Ra7 Qd8 ( 
20. ... Kg7 21. Rc1 ↑ ) 21. Rfa1 Nd7 22. Nxd7 Bxd7 23. e3 +/- ) 20. Ng6 
Qg7 21. Nxf8 Rxf8 22. Rfb1 +- f4?! ( 22. ... Qd7! += ) 23. c6! bxc6 ( 
23. ... Bxc6 24. Rxa6! bxa6 25. Qxc6 Qd7 26. Qxa6 +/- ) 24. Rxb5! axb5 ( 
24. ... cxb5 25. Rxa6 Qe7 26. Nc5 Bd6 27. Qg6+ +/- ) 25. Ra7 Ne8 ( 25. ...
 Qd7 26. Nc5 Qc8 27. Qg6+ ) 26. Qxc6 Qxd4 ( 26. ... Qe7 27. Nc5 Rf6 28. 
Nxe6 Rxe6 29. Bxd5 Kf7 30. Bxe6+ Qxe6 31. Rxc7+ Nxc7 32. Qxc7+ +/- ) 27. 
Qxe6+ Kg7 28. Bxd5! {Ftacnik,L} ( 28. Bxd5! Qxa7 29. Qe7+ Kg6 30. Qxf8 
Qa1+ 31. Kg2 Nf6 32. Qf7+ Kf5 33. Be6+ Ke4 34. Qg6+ Kd4 35. Qxf6+ +- ) 1-0

[Event "Alekhine Memorial"]
[Site "Moscow RUS"]
[Date "1992.??.??"]
[Round "?"]
[White "Gelfand, Boris"]
[Black "Salov, Valery"]
[Result "1-0"]
[WhiteElo "2685"]
[BlackElo "2655"]
[EventDate "1992.11.??"]

1. d4 f5 2. g3 Nf6 3. Bg2 d6 4. Nc3 d5 5. Nf3 e6 6. O-O Be7 7. Bg5 O-O 8. 
e3 Bd7 9. Ne2 Bb5 10. Ne5 Bxe2 11. Qxe2 Nbd7 12. Nd3! {The knight would 
support a pawn attack} 12. ... h6 13. Bxf6 Nxf6 14. c4 c6 15. Rfc1 Bd6 16.
 b4 a6 17. a4 Qe7 18. Qb2? ( 18. c5 Bc7 19. f4 += ) ( 18. Rab1 += ) 
18. ... h5! 19. c5 Bc7 20. b5 h4 21. Rab1 axb5 22. axb5 hxg3 23. hxg3 Ng4!
24. Ra1 Qg5 25. Nf4 Qh6 26. Rxa8 Rxa8 27. Ra1 Rxa1+ 28. Qxa1 e5! 29. b6 
Bxb6 30. Nxd5 cxd5 31. cxb6 Qxb6! 32. dxe5 Qe6?! ( 32. ... Kh7 33. Bxd5 
Nxe3! ) 33. Qd4 Qxe5 34. Bxd5+ Kh7 35. Bxb7 Qa5 36. e4! Nf6! 37. exf5 Qxf5
38. Ba6 Qf3 39. Bd3+ g6 40. Qd6 Kg7 41. Qe7+ Kh6 42. Be2 Qe4?? ( 42. ... 
Qc3 = ) ( 42. ... Qf5 = ) ( 42. ... Qc6 = ) 43. Qxf6 Qxe2 44. Qh8+ Kg5 45.
 Qh4+ Kf5 46. Qf4+ Ke6 47. Qe3+ Qxe3 48. fxe3 Kf5 49. Kf2 Ke4 50. Ke2 g5 
51. Kf2 Kf5 52. Kf3 g4+ 53. Kf2 Ke5 54. Ke1 1-0

[Event "POL Team Ch"]
[Site "Lubniewice POL"]
[Date "1994.??.??"]
[Round "6"]
[White "Gleizerov, Evgeny"]
[Black "Moroz, Alexander"]
[Result "1-0"]
[WhiteElo "2520"]
[BlackElo "2455"]
[EventDate "1994.??.??"]
[Annotator "Chekhov"]
[EventType "team"]
[EventRounds "11"]
[EventCountry "POL"]
[Source "ChessBase"]
[SourceDate "2004.01.01"]
[WhiteTeamCountry "SUI"]
[BlackTeamCountry "GER"]

1. d4 d5 2. c4 e6 3. Nf3 c6 4. Qc2 Bd6 5. g3 f5 6. Bg2 Nf6 7. O-O O-O 8. 
Nc3 Ne4 9. Rb1 Qe7 ( 9. ... a5 10. a3 Qe7 11. b4 axb4 12. axb4 Bd7 13. c5 
Bc7 14. Bf4 Bxf4 15. gxf4 +/- {Grabuzova,T-Zaitseva,L/Orel/1993/} ) ( 
9. ... Bd7 10. b4 Be8 11. b5 Nd7 12. bxc6 bxc6 13. Nxe4! fxe4 14. Ng5 Rf6 
15. c5 Bc7 16. f4 +/- {Chekhov,V-Yusupov,A/BRD/1993/} ) 10. b4! {Launching
an attack on the queenside} 10. ... a6 ( {It is extremely dangerous to 
take the pawn:} 10. ... Bxb4? 11. Nxe4 dxe4 12. Bg5 Qd7 13. Rxb4 exf3 14. 
exf3! ( 14. Bxf3 Qxd4 15. Be7 Re8 16. Rd1 Qe5 17. Bd6 ↑ ) 14. ... Qxd4 
15. Be7 Re8 16. Rd1 Qe5 17. f4 +/- ) ( 10. ... Bd7!? ) 11. a4 Nd7!? ( 
11. ... Bd7!? ) 12. b5! axb5 13. axb5 Kh8?! ( 13. ... Ndf6!? ) 14. Bf4! +=
Ra3 ( 14. ... Bxf4 15. gxf4 Ra3 ) 15. Bxd6 Qxd6 16. Na4 +/- cxb5 17. cxb5 
Ndf6 ( 17. ... b6!? ) 18. Ne5 Kg8 ( 18. ... Bd7!? ) 19. Rfc1 Bd7 20. Bxe4!
Nxe4 ( 20. ... fxe4 21. Qc5 Qxc5 22. Nxc5 Bc8 23. Ra1 +/- ) 21. Nc5 Be8 ( 
21. ... Rc8 22. Nxe4 fxe4 23. Qxc8+ +- ) 22. Nxe4 ( 22. Nxb7!? Qb8 23. Nc5
Rc3 24. Qb2 ) 22. ... fxe4 23. Qc5 Qxc5 24. dxc5 Ra2 ( 24. ... Rf5 25. c6 
bxc6 26. bxc6 Rxe5 27. Rb8 Kf7 28. c7 Bd7 29. Rd8 +- ) 25. c6 bxc6 26. 
bxc6 Rxe2 27. c7 Rfxf2 28. Ng4 Rg2+ 29. Kh1 Bd7 30. Rb8+ Kf7 31. Rd8 Kg6 
32. Rxd7 1-0

[Event "Badalona Open"]
[Site "Badalona"]
[Date "1995.??.??"]
[Round "6"]
[White "Marin, Mihail"]
[Black "Panchenko, Alexandar G"]
[Result "1-0"]
[WhiteElo "2540"]
[BlackElo "2490"]
[EventDate "1995.08.??"]
[Annotator "Marin,M"]

1. c4 e6 2. g3 d5 3. Bg2 c6 4. d4 Bd6 5. Nf3 f5 6. O-O Nf6 7. Bf4 ( 7. b3 
Qe7 8. a4 a5 9. Ba3 ) 7. ... Bxf4 8. gxf4 O-O 9. e3 Bd7 10. Nc3 Be8 11. 
Qc2 Bh5 12. Ne5! {Avoiding the black bishop exchange} ( 12. cxd5?! Bxf3! 
13. Bxf3 cxd5 ) 12. ... Nbd7?! ( 12. ... Ne4 13. Na4 ( 13. Ne2 Bxe2 14. 
Qxe2 Nd7 ) 13. ... Nd7 14. f3 Nd6 15. cxd5 exd5 16. Nc5 += ) 13. cxd5 cxd5
( 13. ... Nxd5!? ) 14. f3! {(><e4, ><Nf6, ><Bh5)} ( 14. Rac1? Rc8 15. Qa4 
Nxe5 16. dxe5 Ne4 17. Qxa7 ( 17. Nb5 Be2 18. Rfe1 Bxb5 19. Qxb5 Qh4 ) 
17. ... Nd2 18. Rfe1 Nf3+ 19. Bxf3 Bxf3 ) 14. ... Rc8 15. Qb3 Qb6 16. Rfc1
a6 ( 16. ... Qxb3 17. axb3 a6 18. b4 +/- {/\Na4-c5} ) ( 16. ... Nxe5 17. 
fxe5 Nd7 18. f4 +/- {/\Nxd5} ) 17. Qxb6 Nxb6 18. b3! {(><Nb6)} 18. ... Be8
( 18. ... Rc7 19. Na4 Rxc1+ 20. Rxc1 Nxa4 21. bxa4 +/- {<-> c} ) 19. Kf2 
Bd7 20. a4 Rc7 ( 20. ... a5 21. Ne2 Rxc1 22. Rxc1 Rc8 23. Rc5 Rxc5 24. 
dxc5 Na8 25. Nd4 +/- ) 21. a5 Rfc8 22. Ne2 Rxc1 23. Rxc1 Rxc1 24. Nxc1 Nc8
25. Ncd3 Nd6 26. Nc5 Bc8 27. Bf1 Kf8 28. Ke1 Ke7 29. Kd2 Bd7 30. Bd3! ( 
30. Kc3 Bb5 31. Bxb5 Nxb5+ 32. Kb4 Nd6 += ) 30. ... Be8 ( 30. ... Bb5 31. 
Bxb5 axb5 ( 31. ... Nxb5 32. Nxb7 ) 32. Nxb7 Nxb7 33. a6 ) 31. Kc3 Nd7 ( 
31. ... Bb5 32. Nxb7! Nxb7 ( 32. ... Bxd3 33. Nxd6 ) 33. Bxb5 Nxa5 ( 
33. ... axb5 34. a6 ) 34. Bxa6 ) 32. Kb4 {(/\ 33.Ncxd7 Bxd7 34.Kc5)} ( 32.
 Ncxd7 Bxd7 33. Kb4 Kd8 34. Kc5 Kc7 35. Nxd7 Kxd7 36. Kb6 Kc8 = 37. Bxa6 
bxa6 38. Kxa6 Kc7 39. b4 Kc6 ) 32. ... Nb8 33. e4! {(><d5)} 33. ... Bc6 ( 
33. ... fxe4 34. fxe4 dxe4 ( 34. ... Bg6 35. Nxg6+ hxg6 36. e5 Nf5 37. 
Bxf5 gxf5 38. Nxb7 +- ) 35. Nxe4 h6 36. Kc5 +/- ) ( 33. ... dxe4 34. fxe4 
Bc6 35. exf5 Nxf5 36. Bxf5 exf5 37. Kc4 {(/\38.d5+/-)} 37. ... Bb5+ 38. 
Kd5 Bc6+ 39. Nxc6+ bxc6+ 40. Ke5 g6 41. h4 h6 42. d5 cxd5 43. Kxd5 Kf6 44.
 Kd6 g5 45. hxg5+ hxg5 46. fxg5+ Kxg5 47. Kc7 f4 48. Nd3 f3 49. Kxb8 ) 34.
 exf5 exf5 35. Be2 Bb5 ( 35. ... g6 36. Ncd3 Bb5 37. Kc5 Ke6 38. Kb6 +- ) 
36. Bxb5 ( 36. Ncd3 Nd7 37. Nxd7 Kxd7 38. Kc5 Ke6 ) 36. ... Nxb5 ( 36. ...
 axb5 37. a6 ( 37. Nxb7?? Na6+ 38. Kc3 Nxb7 ) 37. ... Nxa6+ 38. Nxa6 bxa6 
39. Ka5 Kd8 40. Kb6 +- ( 40. Kxa6 Kc7 ) ) 37. Nxb7 Nxd4 38. Kc5 Nxb3+ 39. 
Kxd5 Nd7 40. Nc6+ ( 40. Nxd7 Kxd7 41. Nc5+ Nxc5 42. Kxc5 Ke6 43. Kc6 Ke7 
44. Kd5 ( 44. Kb6 Kd6 45. Kxa6 Kc6 46. Ka7 Kc7 47. h3 h6 48. h4 h5 49. a6 
g6 ) 44. ... Kd7 45. Ke5 Kc6 ( 45. ... g6 46. Kf6 Kc6 47. Kg7 Kb5 48. Kxh7
Kxa5 49. Kxg6 Kb5 50. h4 a5 51. h5 a4 52. h6 a3 53. h7 a2 54. h8=Q +- ) 
46. Kxf5 Kd5 ( 46. ... Kb5 47. Ke6 Kxa5 48. Kf7 Kb5 49. Kxg7 a5 50. f5 a4 
51. f6 a3 52. f7 a2 53. f8=Q a1=Q+ 54. Kxh7 Qb1+ 55. Kh6 Qc1+ 56. f4 +- ) 
47. Kg5 Ke6 48. h4 Kd6 49. h5 Ke6 50. f5+ ( 50. h6 gxh6+ 51. Kxh6 Kf5 52. 
Kxh7 Kxf4 53. Kg6 Kxf3 54. Kf6 Kf4 55. Ke6 Kg5 56. Kd6 Kf6 57. Kc6 Ke6 58.
 Kb6 Kd6 59. Kxa6 Kc6 = ) 50. ... Kf7 ( 50. ... Ke5 51. f6 gxf6+ 52. Kh6 
+- ) 51. Kf4 ( 51. f6 gxf6+ 52. Kh6 Kg8 53. f4 Kh8 54. f5 Kg8 = {stalemate
} ) 51. ... Kf6 = 52. Ke4? Kg5 ) 40. ... Kf7 41. Nb4 Nf6+ ( 41. ... Nb8 
42. Kd6 ) 42. Kd6! ( 42. Ke5 Nd2 43. Nxa6 Nxf3+ 44. Kd6 ( 44. Kxf5?? g6# )
44. ... Ne8+ 45. Kd7 ( 45. Kc6 Nd4+ 46. Kb6 Nb3 47. Nac5 Nxa5 48. Nxa5 += 
) 45. ... Nd4 46. Nac5 ( 46. Nc7 Nxc7 47. Kxc7 g5 48. a6 gxf4 49. Kb6 ( 
49. a7 Nb5+ ) 49. ... f3 ) 46. ... g5 47. a6 Nb5 48. Kc6 Na7+ 49. Kb6 Nc8+
) 42. ... Kg6 ( 42. ... Nd2 43. Nxa6 Nxf3 44. Nc7 +- ) 43. Nxa6 Kh5 44. 
Nc7 Nxa5 45. Nxa5 Kh4 46. Ne6 g6 47. Ng5 h6 48. Nf7 Kh3 49. Nc4 Kxh2 50. 
Nce5 Kg3 ( 50. ... g5 51. Nxg5 hxg5 52. fxg5 +- ) 51. Nxg6 Kxf3 52. Ke5 
Nh5 53. Nxh6 Nxf4?! ( 53. ... Ke3 54. Ng8 Kf3 55. Nf6 Ng3 56. Nd5 Kf2 ( 
56. ... Ne2 57. Nge7 Ng3 58. Nxf5 Nh5 59. Nd4+ Kg4 60. f5 +- ) 57. Kd4 Kf3
58. Ne5+ Kf2 59. Kd3 ) 54. Nxf4 Ke3 55. Nf7 Kf3 56. Ng5+ Ke3 57. Nge6 Kd2 
( 57. ... Kf2 58. Kd4 Kg3 59. Ke3 Kh4 60. Nd4 ( 60. Kf3?? {stalemate} ) 
60. ... Kg5 61. Kf3 Kf6 62. Nc6 Kg5 63. Kg3 Kf6 64. Kh4 Kf7 65. Kg5 Ke8 
66. Kf6 Kd7 67. Ne5+ Kd6 68. Ned3 +- ) 58. Kd4 Kc2 59. Nc5 Kd2 60. Nb3+ 
Kc2 61. Kc4 Kb2 62. Nd4 Ka3 63. Kb5 Kb2 64. Kb4 Ka2 65. Nc2 Kb2 66. Ne3 
Ka2 67. Nc4 Kb1 68. Kc3 Kc1 69. Ne3 Kb1 70. Nd3 f4 ( 70. ... Ka2 71. Nc4 
f4 72. Kc2 ) 71. Nc4 f3 72. Kb3 Ka1 73. Nd2 ( 73. Nd2 f2 74. Nb4 f1=Q 75. 
Nc2# ) 1-0

[Event "Tirnavia-A"]
[Site "Trnava SVK"]
[Date "1987.??.??"]
[Round "?"]
[White "Kouatly, Bachar"]
[Black "Smagin, Sergey"]
[Result "1/2-1/2"]
[WhiteElo "2440"]
[BlackElo "2505"]
[EventDate "1987.03.??"]

1. d4 e6 2. c4 f5 3. Nf3 Nf6 4. g3 d5 5. Bg2 c6 6. O-O Bd6 7. b3 Qe7 8. 
Bf4 Bxf4! {This weakens White's kingside thus giving Black hopes to get 
counterplay} 9. gxf4 O-O 10. Nbd2 Bd7! 11. Ne5 Be8 12. Rc1 Bh5 13. Rc3?! 
Nbd7 14. Bf3 Bxf3 15. Nxd7! Qxd7 16. Nxf3 Ne4 17. Rd3 ( 17. Rc2!? ) 
17. ... Qe7 ( 17. ... Rf6!? ) 18. c5 Rf6 19. Kh1 Rh6 20. Qe1 Rf8 21. Rg1 
Rff6 22. Rg2 Rfg6! 23. Qa5 a6 24. Qb6 Rg4! 25. Rd1 e5!! 26. fxe5 ( 26. 
Nxe5? Rxg2 27. Kxg2 Rxh2+! ) ( 26. dxe5 Nxc5 =+ ) 26. ... Rxg2 27. Kxg2 
Rg6+ 28. Kf1 f4 ( 28. ... h6 ) 29. Qa7! Qd7 30. Qb8+ Kf7 31. e6+ Rxe6 32. 
Ne5+ ( 32. Qxf4+ Kg8 33. Ne5 Qe8 ) 32. ... Rxe5 33. Qxe5 Qh3+ 34. Ke1 ( 
34. Kg1 f3! ) 34. ... Qxh2 =+ 35. Qf5+ Nf6 36. e3!? fxe3 37. fxe3 Qxa2 38.
 Rd2 Qxb3 39. Ke2 h5 40. Qd3 Qa4? 41. Rb2 Ne4 42. Rxb7+ Kf6 43. Qb3 Qa5 
44. Qb4 Qa2+ 45. Qb2 Qc4+ 46. Ke1 h4? 47. Rb4 Qd3 48. Rb3 Qc4 49. Rb4 
1/2-1/2

[Event "URS-ch54"]
[Site "Minsk BLR"]
[Date "1987.??.??"]
[Round "?"]
[White "Beliavsky, Alexander G"]
[Black "Jussupow, Artur"]
[Result "0-1"]
[WhiteElo "2630"]
[BlackElo "2645"]
[EventDate "1987.03.??"]

1. d4 f5 2. c4 Nf6 3. g3 e6 4. Bg2 d5 5. Nf3 c6 6. O-O Bd6 7. b3 Qe7 8. 
Bb2 O-O 9. Nc3 Bd7!? {The bishop is transferred to the kingside before the
b8-knight development to d7. This allows Black to better coordinate his 
pieces.} 10. Ne5 Be8 11. Nd3?! ( 11. e3 ) 11. ... Nbd7 12. e3 ( 12. f4 = )
12. ... g5! =+ 13. a4 Bg6 ( 13. ... Bh5!? 14. Qc1 Ne4 =+ ) 14. f4 Bh5 15. 
Qc1 ( 15. Bf3 =+ ) 15. ... Ne4 16. fxg5 Nxc3! ( 16. ... Qxg5?! 17. Nxe4 +=
) 17. Qxc3 Be2 18. Rfe1 ( 18. Nf4!? Bxf1 19. Rxf1 -/+ ) 18. ... Bxd3 19. 
Qxd3 Qxg5 20. Ba3 Bxa3 21. Rxa3 Nf6 22. Qf1 h5! -/+ 23. Qf4 Qxf4 24. gxf4 
Kf7 25. Ra2 Rg8 26. Kh1?! Rg7 27. Bf3 Rag8 28. Rg2 Rxg2 29. Bxg2 a5 30. 
Kg1 h4 31. Kf1 Ng4 32. h3 Nf6 33. Kf2 Rg3 34. c5 Ne4+!? 35. Bxe4 fxe4 36. 
Rh1 Ke8 37. Rg1 Rxh3 38. Rg7 Rh2+ 39. Kf1 Rh3 40. Kf2 Rh2+ 41. Kf1 Rb2 42.
 Rxb7 Kd8! 43. Kg1 Re2 44. b4 axb4 45. a5 Rxe3 46. a6 Kc8 47. Rxb4 Ra3 48.
 Rb6 e3 49. Rxc6+ Kd7 50. Rd6+ Ke7 51. f5 exf5 52. Rxd5 Rxa6! -+ 53. c6 
Rxc6 54. Rxf5 Rg6+! 0-1